000 00313nam a2200121 i 4500
001 bg
245 0 _aZ problematyki uwarunkowań efektywności procesu kształcenia w szkole wyższej.
260 _aWrocław,
_c1985.
040 _cBPK
041 _apol
942 _cKS
008 s pl f |000 0 pol
999 _c28143
_d28143
856 _uhttp://koha.tu.koszalin.pl/cgi-bin/koha/opac-detail.pl?biblionumber=28143
_yKatalog online BPK